Room for debate.. (Record no. 104761)
[ view plain ]
| 000 -LEADER | |
|---|---|
| fixed length control field | 00835cab a2200181 4500 |
| 001 - CONTROL NUMBER | |
| control field | ##L131436 |
| 008 - FIXED-LENGTH DATA ELEMENTS--GENERAL INFORMATION | |
| fixed length control field | 051017n2005 000 0 eng u |
| 035 ## - SYSTEM CONTROL NUMBER | |
| System control number | (Sirsi) u131436 |
| 041 0# - LANGUAGE CODE | |
| Language code of text/sound track or separate title | eng |
| 100 1# - MAIN ENTRY--PERSONAL NAME | |
| Personal name | Jansen, Mark |
| 245 00 - TITLE STATEMENT | |
| Title | Room for debate.. |
| 260 ## - PUBLICATION, DISTRIBUTION, ETC. | |
| Date of publication, distribution, etc. | 2005 |
| 490 #0 - SERIES STATEMENT | |
| Series statement | Property Week |
| Volume/sequential designation | 70(42) 21 October 2005, 72-74 |
| 520 ## - SUMMARY, ETC. | |
| Summary, etc. | Report about the IPD "Lease Events Review", that indicates that property portfolios are undervalued by one to two percent, due to the fact that valuers overestimate the likelihood of the properties falling vacant. The researchers claim that tenants are more likely to stay in their properties rather than leave. Provides numerous graphs outlining the reports findings. |
| 590 ## - LOCAL NOTE (RLIN) | |
| Local note | IKA081105 |
| 690 ## - LOCAL SUBJECT ADDED ENTRY--TOPICAL TERM (OCLC, RLIN) | |
| Topical term or geographic name as entry element | PROPERTY-PROPERTY VALUATION AND APPRAISAL-VALUATION ACCURACY |
| 942 ## - ADDED ENTRY ELEMENTS (KOHA) | |
| Suppress in OPAC | 0 |
| Withdrawn status | Lost status | Source of classification or shelving scheme | Damaged status | Not for loan | Home library | Current library | Shelving location | Date acquired | Total Checkouts | Full call number | Barcode | Date last seen | Copy number | Price effective from | Koha item type |
|---|---|---|---|---|---|---|---|---|---|---|---|---|---|---|---|
| Dewey Decimal Classification | London | London | Journal article | 03/11/2005 | L131436 | 131436-1001 | 06/08/2019 | 1 | 06/08/2019 | Journal article |